Henry's Clinical Diagnosis and Management: (Record no. 356074)
[ view plain ]
| 000 -LEADER | |
|---|---|
| fixed length control field | 00419nam a2200133Ia 4500 |
| 008 - FIXED-LENGTH DATA ELEMENTS--GENERAL INFORMATION | |
| fixed length control field | 180305s9999 xx 000 0 und d |
| 020 ## - INTERNATIONAL STANDARD BOOK NUMBER | |
| International Standard Book Number | 9789812724694 |
| 100 ## - MAIN ENTRY--PERSONAL NAME | |
| Personal name | McPherson, Richard A. |
| 245 ## - TITLE STATEMENT | |
| Statement of responsibility, etc | Richard A. McPherson, Matthew R. Pincus |
| Title | Henry's Clinical Diagnosis and Management: |
| Remainder of title | By Laboratory Method/ |
| 250 ## - EDITION STATEMENT | |
| Edition statement | 21st ed. |
| 260 ## - PUBLICATION, DISTRIBUTION, ETC. (IMPRINT) | |
| Place of publication, distribution, etc | USA |
| Name of publisher, distributor, etc | C&E Pub. Inc. |
| Date of publication, distribution, etc | 2009 |
| 300 ## - PHYSICAL DESCRIPTION | |
| Extent | v, 1450 Pages |
| 440 ## - SERIES STATEMENT/ADDED ENTRY--TITLE | |
| Volume number/sequential designation | Vol 1 |
| Withdrawn status | Lost status | Damaged status | Home library | Current library | Shelving location | Date acquired | Source of acquisition | Total Checkouts | Full call number | Barcode | Date last seen | Price effective from | Koha item type |
|---|---|---|---|---|---|---|---|---|---|---|---|---|---|
| South SEED-LPDH College Library | South SEED-LPDH College Library | South SEED-LPDH College Section | 03/05/2018 | Library Fund | RB 37 .M478 2009 vol.1 | SSLC1690 | 05/15/2018 | 03/05/2018 | Books |